Movies Quiz

Random Movies or Role Quiz

Spider-Man Characters by other roles Quiz Stats

 Plays Quiz not verified by Sporcle

Challenge
Share
Tweet
Embed
Score 0/25 Timer 10:00
0 Plays Today
Hint Answer % Correct
Spider-ManPeter Parker/Spider-Man
100%
Spider-ManNorman Osborn/Green Goblin
92.6%
Spider-ManHarry Osborn
90.4%
Spider-ManMary-Jane Watson
85.1%
Spider-ManMay Parker
79.8%
Spider-Man 3Flint Marko/Sandman
78.7%
The Amazing Spider-ManPeter Parker/Spider-Man
78.7%
Spider-Man 2Dr. Otto Octavius/Doctor Octopus
77.7%
Spider-Man 3Eddie Brock/Venom
76.6%
The Amazing Spider-ManMay Parker
73.4%
The Amazing Spider-ManGwen Stacy
72.3%
Spider-ManJ. Jonah Jameson
71.3%
The Amazing Spider-ManDr. Curt Connors/Lizard
71.3%
Hint Answer % Correct
The Amazing Spider-Man 2Max Dillon/Electro
71.3%
Spider-ManBen Parker
70.2%
The Amazing Spider-ManBen Parker
68.1%
Spider-Man 3Gwen Stacy
67%
The Amazing Spider-ManCaptain George Stacy
62.8%
The Amazing Spider-Man 2Harry Osborn/Green Goblin
60.6%
The Amazing Spider-Man 2Aleksei Systevich/Rhino
52.1%
Spider-Man 3Captain George Stacy
51.1%
Spider-ManFlash Thompson
44.7%
Spider-ManBetty Brant
40.4%
The Amazing Spider-Man 2Felicia Hardy
35.1%
Spider-Man 2Dr. Curt Connors
30.9%

You're not logged in!

Compare scores with friends on all Sporcle quizzes.
Join for Free
OR
Log In

You Might Also Like...

Show Comments

Extras

Top Quizzes Today


Score Distribution

Your Account Isn't Verified!

In order to create a playlist on Sporcle, you need to verify the email address you used during registration. Go to your Sporcle Settings to finish the process.

Report this User

Report this user for behavior that violates our Community Guidelines.

Details: